000
00236nam a2200097Ia 4500
001
648233
005
20250826153718.0
008
250824s9999 xx 000 0 und d
245
0
_a
SOKAKLARIN PRENSESİ ŞİMA
_c
CANAN TAN
260
_b
DOĞAN
999
_c
648233
_d
648233